| 000 | 00452nam a22001697a 4500 | ||
|---|---|---|---|
| 008 | 230501b |||||||| |||| 00| 0 eng d | ||
| 020 | _a0-19-855153-3 | ||
| 040 |
_aNational Science Library _cNational Science Library |
||
| 080 |
_a54(088.8) _bM2 |
||
| 100 | _aGrubb, Philip W | ||
| 245 | _aPatents for chemists | ||
| 260 |
_aOxford: _bClarendon Press, _c1982 |
||
| 300 | _a273p. | ||
| 650 | _aPatents | ||
| 653 | _aChemists | ||
| 942 |
_2udc _cBK |
||
| 999 |
_c25489 _d25489 |
||